Tudatosan négylábú kedvencekkel a fizikai- és mentális egészségünkért

Bibliographic Details
Main Author: Paksi Mónika
Other Authors: Végh Ferenc
Format: Final Paper
Kulcsszavak:állatasszisztált
házikedvenc
kutya
mentálhigiénia
terápia
Online Access:http://dolgozattar.uni-bge.hu/59864

MARC

LEADER 00000nta a2200000 i 4500
001 dolg59864
005 20260409145653.0
008 260409suuuu hu o 000 hun d
040 |a BGE Dolgozattár Repozitórium  |b hun 
041 |a hu 
100 1 |a Paksi Mónika 
245 1 0 |a Tudatosan négylábú kedvencekkel a fizikai- és mentális egészségünkért  |c Paksi Mónika  |h [elektronikus dokumentum] 
516 |a Final_paper 
520 3 |a Az állatasszisztálással végzett terápia fontos és hatásos eszköz lehet egyes terápiás munka során. A módszer eredményességéről kutatások készültek, ugyanakkor a házikedvencként tartott négylábúak is képesek pozitív hatással lenni a fizikai és mentális egészségünre. Mind a terápiás kutyák, mind a házikedvencek esetén vannak fontos betartandó kritériumok, szabályok. Szakdolgozatomban igyekeztem összefoglalni a terápiás és házikedvencek jótékony hatásait. Interjúalanyaimat oly módon választottam ki, hogy a kutyával való terápiás munka minden területe megismerhető legyen. 
695 |a állatasszisztált 
695 |a házikedvenc 
695 |a kutya 
695 |a mentálhigiénia 
695 |a terápia 
700 1 |a Végh Ferenc  |e ths 
856 4 0 |u http://dolgozattar.uni-bge.hu/59864/1/Tudatosan%20n%C3%A9gyl%C3%A1b%C3%BA%20kedvencekkel%20a%20fizikai-%20%C3%A9s%20ment%C3%A1lis%20eg%C3%A9szs%C3%A9g%C3%BCnk%C3%A9rt_Paksi%20M%C3%B3nika_EATRPG_2025.04.20.pdf  |z Dokumentum-elérés 
856 4 0 |u http://dolgozattar.uni-bge.hu/59864/2/KSZ%20%C3%A9s%20MH%20b%C3%ADr%C3%A1lati%20lap_Paksi%20M%C3%B3nika.pdf  |z Dokumentum-elérés 
856 4 0 |u http://dolgozattar.uni-bge.hu/59864/3/Paksi%20Mo%CC%81nika%20KSZ%20e%CC%81s%20MH%20bi%CC%81ra%CC%81lati%20lap%202025.pdf  |z Dokumentum-elérés